000 00842 a2200229 4500
999 _c794
_d794
020 _a0899140432 (pbk.)
050 0 0 _aRA564.85 WAL 1995
100 1 _aWallace, Helen M.
245 1 0 _aHealth care of women and children in Developing Countries /
_cHelen M. Wallace, Kanti Giri, Carlos V. Serrano.
264 _aOakland
_bThird Party Publishing
_c1995
300 _axxvi, 757 p. :
_bill. ;
500 _aHealth Care of Women
504 _aIncludes bibliographical references.
650 0 _aWomen
_xHealth and hygiene
650 0 _aChildren
_xHealth and hygiene
650 0 _aWomen's health services
650 0 _aMaternal health services
700 1 _aGiri, Kanti.
700 1 _aSerrano, Carlos V.
942 _2lcc
_cBK
_h564.85
_iWAL
_kRA